Das Wasser, seine Verwendung, Reinigung und Beurtheilung mit besonderer Berücksichtigung der gewerblichen Abwässer: mit in den Text gedruckten Abbildungen

Dettagli Bibliografici
Autore principale: Fischer F. Ferdinand
Riassunto:В описании используется грамматика 19 века
Раздельная пагинация страниц
Lingua:tedesco
Pubblicazione: Berlin, Verlag von Julius Springer, 1891
Edizione:Zweite umgearbeitete Auflage
Soggetti:
Natura: Libro
KOHA link:https://koha.lib.tpu.ru/cgi-bin/koha/opac-detail.pl?biblionumber=362007

MARC

LEADER 00000nam0a2200000 4500
001 362007
005 20240625130046.0
035 |a (RuTPU)RU\TPU\retro\19353 
090 |a 362007 
100 |a 20210712d1891 m||y1gery50 ba 
101 0 |a ger 
102 |a DE 
105 |a a z 001zy 
181 0 |b  e  
182 0 |a n 
183 0 |a nc  |2 RDAcarrier 
200 1 |a Das Wasser, seine Verwendung, Reinigung und Beurtheilung mit besonderer Berücksichtigung der gewerblichen Abwässer  |e mit in den Text gedruckten Abbildungen  |f F. Fischer 
205 |a Zweite umgearbeitete Auflage 
210 |a Berlin  |c Verlag von Julius Springer  |d 1891 
215 |a VI, 284 S.  |c il. 
283 |a volume 
300 |a В описании используется грамматика 19 века 
300 |a Раздельная пагинация страниц 
317 |5 63413507: 13688  |a Поступил в НТБ в 1914 г. в дар от первого директора ТТИ профессора Е. Л. Зубашева 
320 |a Bibliographie in Referenzen 
320 |a Sachregister: S. 281-284 
541 1 |a Вода, ее использование, очистка и оценка с учетом промышленных сточных вод 
606 1 |a Сточные воды  |x Очистка в целом  |2 stltpush  |3 (RuTPU)RU\TPU\subj\57136  |9 75000 
610 1 |a Коллекция Е. Л. Зубашева 
610 1 |a дары библиотеке 
610 1 |a вода 
610 1 |a использование 
610 1 |a оценка 
610 1 |a очистка 
610 1 |a промышленные водные стоки 
610 1 |a промышленные воды 
610 1 |a немецкий язык 
675 |a 628.31  |v 4 
700 1 |a Fischer  |b F.  |g Ferdinand 
801 1 |a RU  |b 63413507  |c 20210712 
801 2 |a RU  |b 63413507  |c 20210712  |g RCR 
942 |c BK